[Event "World Corporate East D"]
[Site "Chess.com INT"]
[Date "2021.02.20"]
[Round "5.13"]
[White "Gomes, Ricardo1111"]
[Black "Major, Balazs"]
[Result "0-1"]
[WhiteElo "1423"]
[BlackElo "1771"]
[PlyCount "56"]
[EventDate "2021.02.19"]
[EventType "team (rapid)"]
[EventRounds "7"]
[EventCountry "USA"]
[SourceTitle "EXT 2022"]
[Source "ChessBase"]
[SourceDate "2021.10.06"]
[SourceVersion "1"]
[SourceVersionDate "2021.10.06"]
[SourceQuality "1"]
[WhiteTeam "Agfa Gevaert"]
[BlackTeam "KPMG"]
[WhiteTeamCountry "BEL"]
[BlackTeamCountry "HUN"]

1. e4 c5 2. Nf3 Nc6 3. Bb5 d6 4. Bxc6+ bxc6 5. 0-0 g6 6. d4 cxd4 7. Nxd4 Qb6 8. c3 Bg7 9. Ne2 Bb7 10. Be3 Qxb2 11. Nd2 Qa3 12. Qb3 Qxb3 13. Nxb3 a5 14. a4 Nf6 15. Bd4 0-0 16. f3 c5 17. Bxf6 Bxf6 18. Rac1 Bc6 19. Ra1 Rfb8 20. Nd2 Rb2 21. Rfe1 Rxd2 22. Nf4 Rb8 23. Rab1 Rdb2 24. Rbc1 Bxa4 25. Ra1 Bxc3 26. Rf1 Bd4+ 27. Kh1 Rf2 28. Rfc1 Bxa1 0-1

[Event "Harkany Tenkes Cup 42nd"]
[Site "Harkany"]
[Date "2018.11.28"]
[Round "7"]
[White "Papp, Bence"]
[Black "Major, Balazs"]
[Result "1-0"]
[WhiteElo "2028"]
[BlackElo "1717"]
[PlyCount "51"]
[EventDate "2018.11.23"]
[EventType "swiss"]
[EventRounds "9"]
[EventCountry "HUN"]
[SourceTitle "CBM 187 Extra"]
[Source "ChessBase"]
[SourceDate "2018.11.04"]
[SourceVersion "1"]
[SourceVersionDate "2018.11.04"]
[SourceQuality "1"]

1. e4 c5 2. Nf3 Nc6 3. d4 cxd4 4. Nxd4 Qb6 5. Nb3 Nf6 6. Nc3 e6 7. Be3 Qc7 8. a3 Be7 9. Be2 a6 10. f4 d6 11. 0-0 0-0 12. g4 b5 13. Bf3 Bb7 14. Qd2 Rfd8 15. Qf2 Nd7 16. Rad1 Na5 17. Nxa5 Qxa5 18. Ne2 b4 19. Qe1 d5 20. exd5 Bxd5 21. Bxd5 exd5 22. Nd4 Rac8 23. Nf5 Bc5 24. Rxd5 Qb6 25. Rxc5 Nxc5 26. Ne7+ 1-0

[Event "Harkany Tenkes Cup 42nd"]
[Site "Harkany"]
[Date "2018.11.27"]
[Round "6"]
[White "Major, Balazs"]
[Black "Hitesh, Vasanwala"]
[Result "1/2-1/2"]
[WhiteElo "1717"]
[BlackElo "1744"]
[PlyCount "52"]
[EventDate "2018.11.23"]
[EventType "swiss"]
[EventRounds "9"]
[EventCountry "HUN"]
[SourceTitle "CBM 187 Extra"]
[Source "ChessBase"]
[SourceDate "2018.11.04"]
[SourceVersion "1"]
[SourceVersionDate "2018.11.04"]
[SourceQuality "1"]

1. e4 d5 2. exd5 Qxd5 3. Nc3 Qd6 4. d4 c6 5. Nf3 Nf6 6. Be2 Bg4 7. 0-0 Nbd7 8. h3 Bh5 9. Re1 e6 10. Nh4 Bxe2 11. Nxe2 Qc7 12. Bf4 Bd6 13. Bxd6 Qxd6 14. c4 0-0 15. Qc2 g5 16. Nf3 h6 17. Nc3 Qf4 18. Ne4 Nxe4 19. Qxe4 Qxe4 20. Rxe4 Nf6 21. Re3 Rfd8 22. Rd1 Nh5 23. g3 Ng7 24. Red3 Kf8 25. g4 Rd6 26. Kf1 Rad8 1/2-1/2

[Event "HUN-chT2 Szechenyi 1718"]
[Site "Hungary"]
[Date "2017.12.03"]
[Round "3.10"]
[White "Domonkos, Jozsef"]
[Black "Major, Balazs"]
[Result "1/2-1/2"]
[WhiteElo "1653"]
[BlackElo "1755"]
[PlyCount "59"]
[EventDate "2017.10.29"]
[EventType "team-tourn"]
[EventRounds "9"]
[EventCountry "HUN"]
[SourceTitle "EXT 2021"]
[Source "ChessBase"]
[SourceDate "2020.10.23"]
[SourceVersion "1"]
[SourceVersionDate "2020.10.23"]
[SourceQuality "1"]
[WhiteTeam "Veszprem Ezust Huszar"]
[BlackTeam "Gyor Elektromos"]
[WhiteTeamCountry "HUN"]
[BlackTeamCountry "HUN"]

1. d4 d5 2. c4 c6 3. Nc3 Nf6 4. Qb3 e6 5. cxd5 exd5 6. Bf4 Bd6 7. Bg3 Qe7 8. e3 Bxg3 9. hxg3 Bf5 10. Nf3 h6 11. Be2 0-0 12. Ne5 Ne4 13. Bf3 Nxc3 14. Qxc3 Nd7 15. g4 Nxe5 16. dxe5 Be4 17. Bxe4 dxe4 18. Qd4 Rfe8 19. Rh5 g6 20. Rxh6 Qxe5 21. 0-0-0 Qxd4 22. exd4 Rad8 23. Rdh1 Kf8 24. Rh8+ Ke7 25. Rxe8+ Rxe8 26. Kd2 Ke6 27. Ke3 Kd5 28. b3 Re7 29. Rh8 Kd6 30. g5 1/2-1/2

[Event "HUN-chT4a 1415"]
[Site "Hungary"]
[Date "2015.01.18"]
[Round "4.1"]
[White "Major, Balazs"]
[Black "Kovacs, Dezso"]
[Result "0-1"]
[WhiteElo "1694"]
[BlackElo "1901"]
[PlyCount "80"]
[EventDate "2014.10.19"]
[EventType "team-tourn"]
[EventRounds "7"]
[EventCountry "HUN"]
[SourceTitle "EXT 2016"]
[Source "ChessBase"]
[SourceDate "2015.10.08"]
[SourceVersion "1"]
[SourceVersionDate "2015.10.08"]
[SourceQuality "1"]

1. e4 d5 2. exd5 Qxd5 3. Nc3 Qa5 4. d4 Nf6 5. Nf3 Bg4 6. Be2 Nbd7 7. 0-0 e6 8. Ne5 Bxe2 9. Qxe2 Bd6 10. Nc4 Qa6 11. Nxd6+ Qxd6 12. Rd1 c6 13. Ne4 Nxe4 14. Qxe4 Nf6 15. Qe5 Qxe5 16. dxe5 Nd5 17. c4 Nb6 18. b3 h6 19. Ba3 Rd8 20. Rd6 Rxd6 21. exd6 Kd7 22. f4 Rg8 23. h4 a5 24. Rd1 Ra8 25. Bc5 Nc8 26. a4 f6 27. Kf2 b6 28. Bd4 c5 29. Bc3 Nxd6 30. Kf3 Ke7 31. g4 Rh8 32. Bb2 Nf7 33. Re1 g5 34. fxg5 hxg5 35. h5 Rd8 36. Re3 Nh6 37. Bc3 Rd1 38. Re1 Rd3+ 39. Re3 Rxe3+ 40. Kxe3 Nxg4+ 0-1

[Event "HUN-chT4a 1415"]
[Site "Hungary"]
[Date "2014.10.19"]
[Round "1.1"]
[White "Kiss, Balazs"]
[Black "Major, Balazs"]
[Result "1-0"]
[WhiteElo "1969"]
[BlackElo "1698"]
[PlyCount "93"]
[EventDate "2014.10.19"]
[EventType "team-tourn"]
[EventRounds "7"]
[EventCountry "HUN"]
[SourceTitle "EXT 2016"]
[Source "ChessBase"]
[SourceDate "2015.10.08"]
[SourceVersion "1"]
[SourceVersionDate "2015.10.08"]
[SourceQuality "1"]

1. c4 c6 2. Nc3 d5 3. cxd5 cxd5 4. d4 Nf6 5. Bg5 e6 6. e3 Be7 7. Bd3 0-0 8. Nf3 Nbd7 9. 0-0 a6 10. Ne5 Nxe5 11. dxe5 Nd7 12. Bf4 b5 13. Qg4 f5 14. exf6 Nxf6 15. Qe2 Bd6 16. Bg5 Bb7 17. Rac1 Qb6 18. Bb1 Rf7 19. Qd3 g6 20. h3 Nd7 21. e4 Nc5 22. Qe2 b4 23. Nd1 Nxe4 24. Bxe4 dxe4 25. Ne3 Bf4 26. Qg4 Bxg5 27. Qxg5 Rc8 28. Ng4 Qd4 29. Rxc8+ Bxc8 30. Nh6+ Kg7 31. Nxf7 Kxf7 32. Rc1 Bd7 33. Rc7 Ke8 34. Qc1 a5 35. a3 b3 36. Qc3 Qxc3 37. Rxc3 a4 38. Rc4 e3 39. fxe3 Ke7 40. Kf2 h5 41. e4 Kf6 42. Ke3 Bb5 43. Rc5 Bd7 44. Kf4 Be8 45. e5+ Kg7 46. Kg5 Kf8 47. Kf6 1-0

[Event "HUN-chT4 1112"]
[Site "Hungary"]
[Date "2012.02.05"]
[Round "6.2"]
[White "Major, Balazs"]
[Black "Kovacs, Dezso"]
[Result "0-1"]
[WhiteElo "1636"]
[BlackElo "1958"]
[PlyCount "66"]
[EventDate "2011.09.11"]
[EventType "team-tourn"]
[EventRounds "9"]
[EventCountry "HUN"]
[SourceTitle "EXT 2016"]
[Source "ChessBase"]
[SourceDate "2015.10.08"]
[SourceVersion "1"]
[SourceVersionDate "2015.10.08"]
[SourceQuality "1"]

1. e4 d5 2. exd5 Qxd5 3. Nc3 Qa5 4. Nf3 Nf6 5. d4 Bg4 6. h3 Bh5 7. Be2 e6 8. Qd3 c6 9. Bf4 Bg6 10. Qd2 Bb4 11. a3 Ne4 12. Qd1 Bxc3+ 13. bxc3 Qxc3+ 14. Bd2 Nxd2 15. Nxd2 Nd7 16. 0-0 Nb6 17. Nf3 Qxc2 18. Ne5 Qxd1 19. Rfxd1 Be4 20. Bf3 Bxf3 21. Nxf3 Rd8 22. Rd3 Rd5 23. Ne1 Ke7 24. Nc2 Rhd8 25. Rad1 f6 26. f4 Nc4 27. Re1 Kf7 28. Kf2 R8d7 29. g4 a5 30. Kf3 b5 31. h4 e5 32. Ne3 Nxe3 33. Rexe3 exd4 0-1

[Event "HUN-chT2 Breyer 1011"]
[Site "Hungary"]
[Date "2011.03.27"]
[Round "7.11"]
[White "Major, Balazs"]
[Black "Laza, Szabolcs"]
[Result "1-0"]
[WhiteElo "1692"]
[BlackElo "1766"]
[PlyCount "87"]
[EventDate "2010.09.12"]
[EventType "team-tourn"]
[EventRounds "11"]
[EventCountry "HUN"]
[SourceTitle "EXT 2012"]
[Source "ChessBase"]
[SourceDate "2011.11.24"]
[SourceVersion "1"]
[SourceVersionDate "2011.11.24"]
[SourceQuality "1"]
[WhiteTeam "Gyor Elektromos"]
[BlackTeam "Sarkany"]
[WhiteTeamCountry "HUN"]
[BlackTeamCountry "HUN"]

1. e4 c5 2. Nf3 d6 3. d4 cxd4 4. Nxd4 Nf6 5. Nc3 Nc6 6. Be2 e5 7. Nb3 Be7 8. 0-0 0-0 9. Be3 a5 10. a4 Nb4 11. f3 Be6 12. Nb5 d5 13. c3 Nc6 14. exd5 Nxd5 15. Bf2 b6 16. g3 f5 17. Qc2 Na7 18. Rad1 Nxb5 19. Bxb5 Qc7 20. Rd2 Rad8 21. Re2 Rc8 22. Nd2 Bc5 23. Rfe1 Bd6 24. Qd1 Nf6 25. Qb1 Nd7 26. Qd3 Nc5 27. Bxc5 Bxc5+ 28. Kg2 Rfd8 29. Qc2 Bd6 30. Ba6 Ra8 31. Bb5 Rac8 32. Ba6 Rb8 33. Bb5 Rf8 34. b3 Rbc8 35. Nc4 Bxc4 36. Bxc4+ Kh8 37. Rd1 Rce8 38. Red2 Rf6 39. Re2 Qc5 40. Qd3 Rd8 41. Qd5 Qxd5 42. Rxd5 Rff8 43. Red2 e4 44. Rxd6 1-0

[Event "HUN-chT2 Szechenyi 0910"]
[Site "Hungary"]
[Date "2009.11.22"]
[Round "2.11"]
[White "Kiss, Laszlo"]
[Black "Major, Balazs"]
[Result "0-1"]
[WhiteElo "1678"]
[BlackElo "1225"]
[PlyCount "61"]
[EventDate "2009.11.08"]
[EventType "team-tourn"]
[EventRounds "11"]
[EventCountry "HUN"]
[SourceTitle "EXT 2011"]
[Source "ChessBase"]
[SourceDate "2010.11.26"]
[SourceVersion "1"]
[SourceVersionDate "2010.11.26"]
[SourceQuality "1"]
[WhiteTeam "Arboretum"]
[BlackTeam "Gyor Elektromos"]
[WhiteTeamCountry "HUN"]
[BlackTeamCountry "HUN"]

1. c4 c5 2. g3 Nf6 3. Bg2 g6 4. Nc3 Bg7 5. Nf3 0-0 6. 0-0 d5 7. cxd5 Nxd5 8. Qb3 Nxc3 9. dxc3 Nc6 10. Ng5 Qc7 11. e4 b6 12. f4 Bb7 13. f5 Na5 14. Qc2 Nc4 15. fxg6 hxg6 16. Bf4 e5 17. Bc1 Bh6 18. b3 Bxg5 19. Bxg5 Nd6 20. Rae1 Ne8 21. Bh6 Ng7 22. Qf2 Rad8 23. Bg5 Rd6 24. g4 Ne6 25. Bh6 Rfd8 26. Qh4 Nf8 27. Rf6 Nh7 28. Rxd6 Qxd6 29. Bg5 Nxg5 30. Qxg5 Qd2 31. Rf1 0-1